000
00319nam a22001217a 4500
008
160518b xxu||||| |||| 00| 0 eng d
020
_a
9781933107844
020
_a
9781933107844
041
_a
eng
080
_a
618.2
245
_a
RN pharmacology for nursing edition 5.0:
_c
Audrey Knippa MS MPH RN CEE:
942
_2
udc
_c
BK
999
_c
2152
_d
2152